000 00875pam a2200289 i 4500
999 _c1915
_d1915
001 017001950
003 Uk
005 20230216082939.0
008 141110s2015 enka j 000|1|eng|d
015 _aGBB501921
_2bnb
016 7 _a017001950
_2Uk
020 _a9781783441754 (pbk.) :
040 _aStDuBDS
_beng
_cStDuBDS
_dUk
_dKH8
_erda
042 _aukblcatcopy
082 0 4 _a813.54 LIO
_223
100 1 _aLionni, Leo,
_d1910-1999,
_eauthor,
_eartist.
245 1 0 _aSwimmy /
_cby Leo Lionni.
264 1 _aLondon :
_bAndersen Press,
_c2015.
300 _a1 volume (unpaged) :
_bchiefly illustrations (colour) ;
_c27 cm
336 _atext
_2rdacontent
336 _astill image
_2rdacontent
337 _aunmediated
_2rdamedia
338 _avolume
_2rdacarrier
500 _aFormerly CIP.
_5Uk
655 7 _aChildren's stories
_vPictorial works.
_2gsafd
942 _2ddc
_cNFIC